Anorganická chemie : II. díl

Gespeichert in:
Bibliographische Detailangaben
1. Verfasser: Remy, Heinrich (Verfasst von)
Format: Buch
Sprache:Tschechisch
Veröffentlicht: Praha : SNTL, 1971
Ausgabe:2. vyd.
Schlagworte:
Tags: Tag hinzufügen
Keine Tags, Fügen Sie das erste Tag hinzu!

MARC

LEADER 00000nam a22000003a 4500
001 stu83621
005 20150617225636.7
008 040202s1971----cs------------------cze-d
040 |a STU  |b slo 
041 0 |a cze 
044 |a cs 
080 |a 546 
100 1 |a Remy, Heinrich  |4 aut 
245 1 |a Anorganická chemie :  |b II. díl 
250 |a 2. vyd. 
260 |a Praha :  |b SNTL,  |c 1971 
300 |a 831s 
650 7 |a anorganická chémia  |2 stusub 
996 |b E39939  |c E*39939  |l EE11  |s P  |a 0  |w stu83621_0001 
996 |b 284J016017  |l J  |s P  |a 0  |w stu83621_0002 
996 |b 284J016018  |l J  |s P  |a 0  |w stu83621_0003